000 00721nam a22002297a 4500
003 UA-OsUOA
001 55083
007 ta
008 20080808b un ||||| |||| 00| 0 ukr d
100 _aТетюев С. В.
090 _a343.137.5
_bТ37
942 _cBK
040 _aUA-OsUOA
_brus
_cUA-OsUOA
_dUA-OsUOA
245 _aПроизводство по уоголовным делам в отношении несовершеннолетних
_bУчебное пособие
300 _a192 с.
955 _a2
041 _arus
080 _a343.137.5
260 _aМ.
_bЮрлитинформ
_c2007
650 7 _a343 Кримінальне право. Карні порушення
_2UDC
999 _c341162
_d341162